[Event "XXII Festival Conca della Presolana Magistrale"]
[Site "Bratto - Castione della Presolana ITA"]
[Date "2002.08.28"]
[Round "9"]
[White "Di Paolo, Raffaele"]
[Black "Marchand, Francois"]
[Result "1-0"]
[WhiteElo "2319"]
[BlackElo "2237"]
[PlyCount "91"]
[EventDate "2002.08.20"]

1.e4 c6 2.d4 d5 3.Nc3 dxe4 4.Nxe4 Bf5 5.Ng3 Bg6 6.h4 h6 7.N1e2 e6 8.Nf4 
Bh7 9.Bc4 Bd6 10.Ngh5 g6 11.Ng3 Nf6 12.Qe2 Qe7 13.Bd2 Nbd7 14.O-O-O O-O-O 
15.Nd3 Qf8 16.Ne5 Nd5 17.f4 g5 18.hxg5 hxg5 19.fxg5 Nxe5 20.dxe5 Bb4 21.
Bxd5 Bxd2+ 22.Rxd2 cxd5 23.Qf3 Bg6 24.Rxh8 Qxh8 25.Qe3 Kb8 26.b3 Rc8 27.
Kb2 Qh7 28.c3 Qh4 29.Rd4 Qh2 30.Qf2 Qh7 31.Qe3 Qh2 32.Rd2 Qh4 33.Rf2 Qg4 
34.Ne2 Rh8 35.Qf4 Qh5 36.Nd4 Qd1 37.Qc1 Rh1 38.Qd2 Qb1+ 39.Ka3 a5 40.Nb5 
Rh4 41.Rf4 Rxf4 42.Qxf4 Qd3 43.c4 dxc4 44.Qf2 cxb3 45.Qa7+ Kc8 46.Nd6+ 1-0

[Event "XXII Festival Conca della Presolana Magistrale"]
[Site "Bratto - Castione della Presolana ITA"]
[Date "2002.08.28"]
[Round "9"]
[White "Drazic, Sinisa"]
[Black "Borgo, Giulio"]
[Result "1/2-1/2"]
[WhiteElo "2486"]
[BlackElo "2420"]
[PlyCount "99"]
[EventDate "2002.08.20"]

1.d4 d5 2.Nf3 c6 3.Bf4 Qb6 4.Qc1 Bf5 5.e3 e6 6.Be2 h6 7.h3 Nf6 8.O-O Nbd7 
9.c4 a5 10.Nc3 Be7 11.a3 O-O 12.c5 Qa7 13.b4 b5 14.Qb2 a4 15.Rac1 Qa6 16.
Nd2 Bg6 17.f3 Nh5 18.Bh2 Bh4 19.Rfd1 Bg3 20.Nf1 Bxh2+ 21.Kxh2 Qa7 22.g4 
Qb8+ 23.Kg2 Nhf6 24.Ng3 e5 25.Qd2 Re8 26.Rf1 Nf8 27.Rce1 Ra7 28.Bd1 Rae7 
29.Nce2 N6d7 30.f4 exf4 31.Nxf4 Nf6 32.Bf3 Be4 33.Bxe4 Nxe4 34.Nxe4 Rxe4 
35.Rf3 Ne6 36.Nxe6 fxe6 37.Rf4 Qd8 38.Qa2 Kh8 39.Rxe4 dxe4 40.Rd1 Qd5 41.
Qxd5 exd5 42.Rf1 Kg8 43.h4 Re6 44.h5 Rf6 45.Rf2 Kf7 46.Kg3 Ke7 47.Rf4 Ke6 
48.Rf2 Ke7 49.Rf5 Rxf5 50.gxf5 1/2-1/2

[Event "XXII Festival Conca della Presolana Magistrale"]
[Site "Bratto - Castione della Presolana ITA"]
[Date "2002.08.28"]
[Round "9"]
[White "Epishin, Vladimir V."]
[Black "Godena, Michele"]
[Result "1-0"]
[WhiteElo "2643"]
[BlackElo "2488"]
[PlyCount "101"]
[EventDate "2002.08.20"]

1.d4 d5 2.c4 c6 3.Nc3 e5 4.e3 e4 5.Bd2 Nf6 6.Nh3 Bd6 7.Qb3 Bc7 8.cxd5 cxd5
9.Nf4 Bxf4 10.exf4 Nc6 11.Be3 Ne7 12.h3 h5 13.g3 b6 14.Be2 Be6 15.Kd2 g6 
16.g4 Qb8 17.Rac1 a6 18.Na4 Nd7 19.Qb4 f6 20.Rhg1 hxg4 21.hxg4 Kf7 22.Rh1 
b5 23.Nc3 Nc6 24.Rxh8 Nxb4 25.Rxb8 Rxb8 26.f3 f5 27.gxf5 gxf5 28.a3 Nd3 
29.Bxd3 exd3 30.Nd1 Nb6 31.Rc7+ Kf6 32.b3 a5 33.Bf2 a4 34.Bh4+ Kg6 35.Rc6 
Kf7 36.Bd8 Rxd8 37.Rxb6 axb3 38.Rxb5 Rc8 39.Ne3 Ra8 40.Rxb3 Ra4 41.Kxd3 
Bc8 42.Nd1 Ba6+ 43.Ke3 Bc4 44.Rc3 Ra8 45.Kd2 Rh8 46.Ne3 Rh2+ 47.Kc1 Rh4 
48.Nxc4 dxc4 49.Kd2 Ke6 50.Rxc4 Kd5 51.Kd3 1-0

[Event "XXII Festival Conca della Presolana Magistrale"]
[Site "Bratto - Castione della Presolana ITA"]
[Date "2002.08.28"]
[Round "9"]
[White "Fuggetta, Leonardo"]
[Black "Piantoni, Roberto"]
[Result "1/2-1/2"]
[WhiteElo "2051"]
[BlackElo "2171"]
[PlyCount "93"]
[EventDate "2002.08.20"]

1.c4 e5 2.g3 d6 3.Bg2 f5 4.d3 Be7 5.Nc3 c6 6.e3 Nf6 7.Nge2 O-O 8.O-O Na6 
9.f4 exf4 10.exf4 Nc7 11.h3 Kh8 12.Be3 d5 13.b3 Bb4 14.Bd4 Ne6 15.Be5 d4 
16.Na4 Nd7 17.a3 Be7 18.Nxd4 Nxe5 19.Nxe6 Bxe6 20.fxe5 Qd4+ 21.Kh2 Rad8 
22.Rf3 b5 23.Rf4 Qxd3 24.Nb2 Qc3 25.Qc1 Qxe5 26.Qc2 bxc4 27.bxc4 Bg5 28.
Rf2 Bh4 29.Re2 Qxg3+ 30.Kh1 Bd7 31.Rf1 f4 32.Rf3 Qg5 33.Nd3 Bf5 34.Qc3 Bg3
35.Qe5 Qh6 36.Nxf4 Rd1+ 37.Bf1 Bxf4 38.Qxf4 Qxf4 39.Rxf4 Rxf1+ 40.Rxf1 
Be4+ 41.Kh2 Rxf1 42.Rxe4 Kg8 43.Re8+ Rf8 44.Re7 a5 45.Re5 Ra8 46.Rc5 Ra6 
47.Kg3 1/2-1/2

[Event "XXII Festival Conca della Presolana Magistrale"]
[Site "Bratto - Castione della Presolana ITA"]
[Date "2002.08.28"]
[Round "9"]
[White "Griffa, Roberto"]
[Black "Cacco, Christian"]
[Result "0-1"]
[WhiteElo "2080"]
[BlackElo "2248"]
[PlyCount "76"]
[EventDate "2002.08.20"]

1.d4 c5 2.d5 e5 3.c4 d6 4.Nc3 Be7 5.e4 Nf6 6.Nf3 O-O 7.Be2 h6 8.Qc2 Nh7 9.
g4 Bxg4 10.Rg1 Bxf3 11.Bxf3 Bg5 12.Bxg5 Nxg5 13.Bg4 Qf6 14.O-O-O a6 15.Kb1
Rd8 16.Rg3 Nd7 17.Rdg1 Nf8 18.Bh5 g6 19.Bd1 Ngh7 20.Qd2 Qf4 21.Qxf4 exf4 
22.Rg4 g5 23.h4 Ng6 24.hxg5 hxg5 25.Bc2 Re8 26.e5 Rxe5 27.Bxg6 fxg6 28.f3 
Rae8 29.Ne4 Rxe4 30.fxe4 Rxe4 31.b3 Kg7 32.R1g2 Kf6 33.Kc2 Kf5 34.Rg1 Re2+
35.Kd3 Rxa2 36.R4g2 Rxg2 37.Rxg2 g4 38.Re2 g3 0-1

[Event "XXII Festival Conca della Presolana Magistrale"]
[Site "Bratto - Castione della Presolana ITA"]
[Date "2002.08.28"]
[Round "9"]
[White "Lapiccirella, Mattia"]
[Black "Guido, Flavio"]
[Result "0-1"]
[WhiteElo "2192"]
[BlackElo "2327"]
[PlyCount "100"]
[EventDate "2002.08.20"]

1.d4 Nf6 2.c4 e6 3.Nf3 b6 4.g3 Ba6 5.Qa4 Bb7 6.Bg2 c5 7.dxc5 bxc5 8.O-O 
Be7 9.Nc3 O-O 10.Rd1 Qb6 11.Qc2 Nc6 12.Bf4 d5 13.cxd5 exd5 14.b3 Rfd8 15.
Rac1 Nb4 16.Qb2 h6 17.Na4 Qb5 18.Bf1 Ne4 19.Nd2 d4 20.Nxe4 Bxe4 21.f3 Bc6 
22.e4 Qa5 23.a3 Bxa4 24.axb4 Qxb4 25.Bc4 Bc6 26.Ra1 a5 27.Qe2 Rd7 28.Bd2 
Qb6 29.Qd3 Rda7 30.Rdb1 Qd8 31.Ra2 a4 32.bxa4 Rxa4 33.Rba1 Rxa2 34.Rxa2 
Rxa2 35.Bxa2 Bd7 36.Bc4 Qb6 37.Kg2 Qb2 38.h4 Ba4 39.Kh3 Bc2 40.Qe2 Qb1 41.
Kg2 Bb3 42.Bf4 g5 43.hxg5 hxg5 44.Be5 g4 45.Bxb3 Qxb3 46.f4 Qe6 47.Bb8 f5 
48.Be5 Qc6 49.Qc4+ Kf8 50.Kh2 fxe4 0-1

[Event "XXII Festival Conca della Presolana Magistrale"]
[Site "Bratto - Castione della Presolana ITA"]
[Date "2002.08.28"]
[Round "9"]
[White "Lovati, Paolo"]
[Black "Grooten, Herman"]
[Result "1/2-1/2"]
[WhiteElo "2057"]
[BlackElo "2375"]
[PlyCount "132"]
[EventDate "2002.08.20"]

1.g3 d5 2.Bg2 Nf6 3.Nf3 c6 4.O-O Bg4 5.b3 Nbd7 6.Bb2 e6 7.d3 Bd6 8.c4 O-O 
9.Nbd2 a5 10.a3 Qb8 11.Re1 Re8 12.Nf1 b5 13.cxd5 cxd5 14.h3 Bxf3 15.Bxf3 
Qb6 16.e3 e5 17.g4 h6 18.Bg2 e4 19.dxe4 dxe4 20.Bd4 Bc5 21.Rc1 Bxd4 22.
Qxd4 Qe6 23.b4 axb4 24.Qxb4 Qe5 25.Rb1 Reb8 26.Rec1 Ra4 27.Qc3 Qe7 28.Qc6 
Ne5 29.Qc5 Qe8 30.Rc3 h5 31.gxh5 Ra6 32.Rcb3 Rc6 33.Qd4 Rc4 34.Qd1 Qc6 35.
Ng3 Nf3+ 36.Bxf3 exf3 37.e4 Nxe4 38.Nxe4 Rxe4 39.Qxf3 Rbe8 40.Kg2 R8e6 41.
Rb4 Rxb4 42.Qxc6 Rxc6 43.Rxb4 Rc5 44.a4 bxa4 45.Rxa4 Rxh5 46.Rb4 f6 47.Ra4
Kf7 48.Ra7+ Kg6 49.Ra4 Rg5+ 50.Kf3 Kh5 51.Rb4 Rc5 52.Kg3 Rc3+ 53.Kg2 f5 
54.Ra4 Kg5 55.Ra5 g6 56.Re5 Kh4 57.Re3 Rc4 58.Re8 Re4 59.Rh8+ Kg5 60.Ra8 
Rd4 61.Ra6 Kh5 62.Ra8 Rh4 63.Kg3 Kg5 64.Ra5 Rd4 65.Rb5 Rd3+ 66.Kg2 Kh5 
1/2-1/2

[Event "XXII Festival Conca della Presolana Magistrale"]
[Site "Bratto - Castione della Presolana ITA"]
[Date "2002.08.28"]
[Round "9"]
[White "Marinelli, Gian Marco"]
[Black "Agnelli, Francesco"]
[Result "0-1"]
[WhiteElo "2060"]
[BlackElo "2146"]
[PlyCount "71"]
[EventDate "2002.08.20"]

1.e4 c5 2.Nf3 Nc6 3.d4 cxd4 4.Nxd4 e5 5.Nb5 d6 6.c4 Be7 7.Be3 Nf6 8.N1c3 
O-O 9.Be2 a6 10.Na3 Be6 11.O-O Rc8 12.f3 Nh5 13.Nd5 Bg5 14.Nc2 Bxe3+ 15.
Ncxe3 Qg5 16.Rf2 Nd4 17.Bf1 Nf4 18.g3 Nxd5 19.Nxd5 Bxd5 20.cxd5 Qe3 21.Kg2
f5 22.Qd2 f4 23.gxf4 Qxd2 24.Rxd2 Rxf4 25.Be2 Kf7 26.Rf1 Ke7 27.b4 Rc3 28.
Rb2 Rf8 29.Bd1 g5 30.a4 h5 31.Kg3 Rfc8 32.b5 axb5 33.axb5 R8c5 34.b6 Ra3 
35.Rff2 Rc1 36.Be2 {...} 0-1

[Event "XXII Festival Conca della Presolana Magistrale"]
[Site "Bratto - Castione della Presolana ITA"]
[Date "2002.08.28"]
[Round "9"]
[White "Menoni, Vincenzo"]
[Black "Mazzariol, Oscar"]
[Result "1-0"]
[WhiteElo "2228"]
[BlackElo "2151"]
[PlyCount "61"]
[EventDate "2002.08.20"]

1.e4 g6 2.d4 Bg7 3.Nc3 c6 4.Bc4 d6 5.Qf3 e6 6.Nge2 Nd7 7.O-O Ngf6 8.Bg5 
O-O 9.Bb3 Qc7 10.a4 b6 11.Qe3 Re8 12.f4 c5 13.e5 cxd4 14.Nb5 Qb8 15.Nexd4 
dxe5 16.Nc6 Qb7 17.Nxe5 Ne4 18.Nxf7 Kxf7 19.Qxe4 Qxe4 20.Nd6+ Kg8 21.Nxe4 
Bxb2 22.Rad1 Nc5 23.Nd6 Ba6 24.Rfe1 Rf8 25.Bxe6+ Nxe6 26.Rxe6 Ba3 27.Ne4 
Rac8 28.Rd7 Rxc2 29.Nf6+ Rxf6 30.Bxf6 Kf8 31.Bg7+ 1-0

[Event "XXII Festival Conca della Presolana Magistrale"]
[Site "Bratto - Castione della Presolana ITA"]
[Date "2002.08.28"]
[Round "9"]
[White "Mola, Pietro"]
[Black "Bellia, Fabrizio"]
[Result "1/2-1/2"]
[WhiteElo "2277"]
[BlackElo "2412"]
[PlyCount "61"]
[EventDate "2002.08.20"]

1.e4 d6 2.d4 Nf6 3.Nc3 g6 4.Nf3 Bg7 5.Be2 O-O 6.O-O c6 7.a4 a5 8.h3 Na6 9.
Be3 Nb4 10.Qd2 Qc7 11.Rad1 Re8 12.Bc4 d5 13.exd5 cxd5 14.Bb3 Bf5 15.Nb5 
Qb6 16.Ne5 Qd8 17.Rfe1 Rc8 18.c3 Nc6 19.f3 Rf8 20.Bg5 Qb6 21.Kh2 Rcd8 22.
Ba2 Na7 23.Nxa7 Qxa7 24.g4 Bc8 25.h4 Qb6 26.Kg2 Qd6 27.Bf4 Qb6 28.Bg5 Bd7 
29.Qc2 Bc8 30.Qd2 Bd7 31.Qc2 1/2-1/2

[Event "XXII Festival Conca della Presolana Magistrale"]
[Site "Bratto - Castione della Presolana ITA"]
[Date "2002.08.28"]
[Round "9"]
[White "Piva, Giorgio"]
[Black "Zichichi, Alvise"]
[Result "1/2-1/2"]
[WhiteElo "2135"]
[BlackElo "2312"]
[PlyCount "44"]
[EventDate "2002.08.20"]

1.d4 d5 2.c4 c6 3.e3 e6 4.Nd2 f5 5.Ngf3 Nf6 6.Qc2 Be7 7.b3 O-O 8.Bb2 a5 9.
a3 Bd6 10.Be2 Qe7 11.O-O Bd7 12.c5 Bc7 13.b4 Be8 14.Ne5 Bh5 15.Bxh5 Nxh5 
16.f4 Nf6 17.Bc3 Nbd7 18.Qd3 Ne4 19.Nxd7 Qxd7 20.Nf3 axb4 21.axb4 Rfb8 22.
Rfb1 Rxa1 1/2-1/2

[Event "XXII Festival Conca della Presolana Magistrale"]
[Site "Bratto - Castione della Presolana ITA"]
[Date "2002.08.28"]
[Round "9"]
[White "Podini, Francesco"]
[Black "Campini, Marco"]
[Result "0-1"]
[WhiteElo "2054"]
[BlackElo "2169"]
[PlyCount "82"]
[EventDate "2002.08.20"]

1.e4 c5 2.Nc3 Nc6 3.f4 d6 4.Nf3 a6 5.a4 e6 6.Bc4 Nf6 7.O-O d5 8.exd5 exd5 
9.Qe1+ Be7 10.Ba2 O-O 11.d3 Nb4 12.Bb1 Re8 13.Ne2 Bf5 14.Ne5 Ng4 15.Ng3 
Bh4 16.Qc3 Bxg3 17.hxg3 Qd6 18.Nxg4 Bxg4 19.Rf2 d4 20.Qd2 Re3 21.c3 Rae8 
22.cxb4 Qh6 23.b3 Re1+ 24.Rf1 R1e2 25.Qxe2 Rxe2 26.Ra2 Rxa2 27.Bxa2 cxb4 
28.Bb1 Qe6 29.Bc2 h5 30.Bd2 a5 31.Re1 Qc6 32.Rc1 Qd5 33.Re1 g6 34.Kf2 Be6 
35.Bd1 Qf5 36.Re4 Qc5 37.Re5 Qc7 38.Re4 Qd7 39.Re5 b6 40.Bc1 f6 41.Re1 Qf7
0-1

[Event "XXII Festival Conca della Presolana Magistrale"]
[Site "Bratto - Castione della Presolana ITA"]
[Date "2002.08.28"]
[Round "9"]
[White "Popa, Claudiu"]
[Black "Vancini, Edoardo"]
[Result "0-1"]
[WhiteElo "2081"]
[BlackElo "2307"]
[PlyCount "116"]
[EventDate "2002.08.20"]

1.e4 c5 2.c3 Nf6 3.e5 Nd5 4.d4 cxd4 5.cxd4 d6 6.Nf3 e6 7.Bc4 Nc6 8.O-O Be7
9.Qe2 Qc7 10.Bd2 O-O 11.Nc3 Nxc3 12.Bxc3 d5 13.Bd3 Bd7 14.Rac1 Qb6 15.Rfd1
Be8 16.h3 Kh8 17.Bb1 h6 18.Qd3 g6 19.h4 Rg8 20.Qe3 Bf8 21.Nh2 Ne7 22.Qf4 
Bg7 23.Ng4 h5 24.Nf6 Rf8 25.g4 hxg4 26.Qxg4 Ng8 27.Nxg8 Kxg8 28.h5 gxh5 
29.Qxh5 f5 30.Qg5 Bb5 31.Bd3 Be8 32.Be2 Qd8 33.Bd2 Qxg5+ 34.Bxg5 Bc6 35.
Rc3 Rfc8 36.Rdc1 a6 37.b4 Bf8 38.Rg3 Bb5 39.Bf6+ Kh7 40.Rh3+ Bh6 41.Rxc8 
Rxc8 42.Bxb5 Rg8+ 43.Kf1 axb5 44.Rc3 Ra8 45.Rc7+ Kg6 46.Rxb7 Rxa2 47.Rxb5 
Bd2 48.Rb8 Bc3 49.b5 Bxd4 50.f4 Rb2 51.Re8 Kh5 52.Rxe6 Kg4 53.Ke1 Kxf4 54.
b6 Ke4 55.Re8 f4 56.Ra8 f3 57.Ra4 f2+ 58.Kf1 Rb1+ 0-1

[Event "XXII Festival Conca della Presolana Magistrale"]
[Site "Bratto - Castione della Presolana ITA"]
[Date "2002.08.28"]
[Round "9"]
[White "Preiss, Martin"]
[Black "Cugini, Verter"]
[Result "1/2-1/2"]
[WhiteElo "2265"]
[BlackElo "2231"]
[PlyCount "45"]
[EventDate "2002.08.20"]

1.c4 c5 2.g3 e5 3.Nc3 g6 4.Bg2 Bg7 5.Nf3 Ne7 6.a3 Nbc6 7.b4 d5 8.cxd5 Nxd5
9.Nxd5 Qxd5 10.Bb2 O-O 11.O-O e4 12.Bxg7 Kxg7 13.Ne1 cxb4 14.axb4 Nxb4 15.
Ra4 Qb5 16.Bxe4 Bd7 17.Qa1+ Kg8 18.Rxa7 Rxa7 19.Qxa7 Qxe2 20.Qe3 Bb5 21.d3
Qxe3 22.fxe3 f5 23.Bxb7 1/2-1/2

[Event "XXII Festival Conca della Presolana Magistrale"]
[Site "Bratto - Castione della Presolana ITA"]
[Date "2002.08.28"]
[Round "9"]
[White "Ranieri, Fabrizio"]
[Black "Lapiccirella, Daniele"]
[Result "1-0"]
[WhiteElo "2161"]
[BlackElo "2097"]
[PlyCount "57"]
[EventDate "2002.08.20"]

1.e4 c5 2.Nf3 e6 3.d4 cxd4 4.Nxd4 a6 5.Nc3 Qc7 6.Be3 Nc6 7.Be2 Nf6 8.O-O 
Bb4 9.Na4 Be7 10.Nxc6 bxc6 11.Nb6 Rb8 12.Nxc8 Qxc8 13.e5 Nd5 14.Bc1 Bc5 
15.c4 Ne7 16.b3 O-O 17.Bb2 Qc7 18.Bd3 d6 19.exd6 Bxd6 20.g3 a5 21.Bc2 Ng6 
22.Qf3 a4 23.Rfd1 Rbd8 24.Bc3 c5 25.Bxg6 hxg6 26.bxa4 Qa7 27.Qe4 Qxa4 28.
Rxd6 Rxd6 29.Qe5 1-0

[Event "XXII Festival Conca della Presolana Magistrale"]
[Site "Bratto - Castione della Presolana ITA"]
[Date "2002.08.28"]
[Round "9"]
[White "Rebeggiani, Andrea"]
[Black "Del Giudice, Stefano"]
[Result "0-1"]
[WhiteElo "2003"]
[BlackElo "2073"]
[PlyCount "50"]
[EventDate "2002.08.20"]

1.e4 d6 2.d4 Nf6 3.Nc3 g6 4.Be3 c6 5.Be2 Nbd7 6.f4 e5 7.Nf3 Qc7 8.O-O Bg7 
9.f5 O-O 10.fxg6 fxg6 11.Bc4+ Kh8 12.Ng5 Nb6 13.Ne6 Bxe6 14.Bxe6 Rae8 15.
d5 Nc4 16.Qc1 Nxe3 17.Qxe3 b5 18.a3 a5 19.b4 axb4 20.axb4 cxd5 21.exd5 Qc4
22.Ra5 Ng4 23.Rxf8+ Rxf8 24.Qd3 Qxb4 25.Rxb5 Qf4 0-1

[Event "XXII Festival Conca della Presolana Magistrale"]
[Site "Bratto - Castione della Presolana ITA"]
[Date "2002.08.28"]
[Round "9"]
[White "Romanishin, Oleg M."]
[Black "Isonzo, David"]
[Result "1-0"]
[WhiteElo "2559"]
[BlackElo "2337"]
[PlyCount "81"]
[EventDate "2002.08.20"]

1.d4 Nf6 2.Nf3 g6 3.g3 Bg7 4.Bg2 d6 5.O-O O-O 6.a4 a5 7.Nc3 Nc6 8.d5 Nb4 
9.h3 e6 10.dxe6 Bxe6 11.Nd4 Bc8 12.e4 d5 13.exd5 Nfxd5 14.Nce2 c6 15.c3 
Na6 16.Nf4 Nac7 17.h4 Nxf4 18.Bxf4 Ne6 19.Nxe6 Qxd1 20.Rfxd1 Bxe6 21.Bc7 
Rfc8 22.Bb6 Bf6 23.Rd2 Bd8 24.Bc5 Bc7 25.b4 Rd8 26.Rxd8+ Rxd8 27.Rb1 Bf5 
28.Rb2 Rd1+ 29.Kh2 Rb1 30.Re2 Be6 31.Bh3 b6 32.Be7 Bd5 33.Bg2 Bxg2 34.Kxg2
Kg7 35.Re4 b5 36.axb5 cxb5 37.Bc5 a4 38.Re7 Bd8 39.Bd4+ Kh6 40.Rxf7 Kh5 
41.Rd7 1-0

[Event "XXII Festival Conca della Presolana Magistrale"]
[Site "Bratto - Castione della Presolana ITA"]
[Date "2002.08.28"]
[Round "9"]
[White "Rosin, Federico"]
[Black "Giretti Kanev, Jasen"]
[Result "0-1"]
[WhiteElo "2127"]
[BlackElo "2193"]
[PlyCount "114"]
[EventDate "2002.08.20"]

1.d4 Nf6 2.c4 e6 3.g3 Bb4+ 4.Bd2 Bxd2+ 5.Qxd2 O-O 6.Bg2 d6 7.Nf3 Nbd7 8.
Nc3 e5 9.O-O Qe7 10.d5 Nc5 11.b4 Nce4 12.Qc2 Nxc3 13.Qxc3 Ne4 14.Qc2 f5 
15.Nh4 Qg5 16.Bxe4 fxe4 17.Qxe4 Qd2 18.c5 a5 19.a3 axb4 20.cxd6 Bh3 21.
Rfd1 Rxa3 22.Rab1 Qg5 23.Qxb4 Ra2 24.Qc4 Raa8 25.Nf3 Qh5 26.Qh4 Qxh4 27.
Nxh4 cxd6 28.Rxb7 Ra2 29.Re1 Rc8 30.Nf3 h6 31.Rb6 e4 32.Nd4 Rd2 33.Nc6 Rc7
34.Rb8+ Kh7 35.Rb5 Bg4 36.e3 Rf7 37.Rf1 Bh3 38.Rbb1 Bxf1 39.Rxf1 Rxd5 40.
Nd4 Ra5 41.Kg2 Ra2 42.h4 d5 43.Ne6 Rd2 44.h5 Re7 45.Nf4 Kg8 46.Kg1 Kf7 47.
Ra1 Rb7 48.Rc1 Rbb2 49.Rc7+ Ke8 50.Nh3 Kd8 51.Rc1 Kd7 52.Ra1 Kc8 53.Ra8+ 
Kb7 54.Rf8 d4 55.exd4 Rb1+ 56.Kg2 e3 57.Ng1 Rxg1+ 0-1

[Event "XXII Festival Conca della Presolana Magistrale"]
[Site "Bratto - Castione della Presolana ITA"]
[Date "2002.08.28"]
[Round "9"]
[White "Schuurman, Petra"]
[Black "Moncelli, Giorgio"]
[Result "1/2-1/2"]
[WhiteElo "2272"]
[BlackElo "2155"]
[PlyCount "87"]
[EventDate "2002.08.20"]

1.d4 g6 2.c4 Bg7 3.Nf3 d6 4.e4 Nd7 5.Nc3 e5 6.Be2 Nh6 7.O-O O-O 8.Rb1 c6 
9.b4 Qe7 10.a3 Re8 11.Re1 f6 12.Bf1 Nf7 13.d5 c5 14.Nd2 f5 15.Nb3 b6 16.
bxc5 Nxc5 17.Nxc5 bxc5 18.Bd3 Bh6 19.exf5 gxf5 20.Bxh6 Nxh6 21.Qh5 Kg7 22.
f4 Qf7 23.Qg5+ Qg6 24.Nb5 Nf7 25.Qxg6+ hxg6 26.Nc7 Bd7 27.Nxa8 Rxa8 28.Rb7
Ba4 29.g3 Kf6 30.Reb1 g5 31.Rc7 exf4 32.Bxf5 Ne5 33.Be6 Nxc4 34.Rf7+ Ke5 
35.Rf5+ Kd4 36.Rb7 fxg3 37.hxg3 Nd2 38.Rff7 a5 39.Ra7 Rxa7 40.Rxa7 Nb3 41.
Rg7 Nd2 42.Ra7 Nb3 43.Rg7 Nd2 44.Ra7 1/2-1/2

[Event "XXII Festival Conca della Presolana Magistrale"]
[Site "Bratto - Castione della Presolana ITA"]
[Date "2002.08.28"]
[Round "9"]
[White "Scotti, Umberto"]
[Black "Pagnoncelli, Marco"]
[Result "0-1"]
[WhiteElo "2166"]
[BlackElo "2101"]
[PlyCount "92"]
[EventDate "2002.08.20"]

1.d4 Nf6 2.Nf3 g6 3.Nbd2 Bg7 4.e4 d6 5.Bd3 O-O 6.O-O c5 7.c3 b6 8.Qe2 Bb7 
9.e5 Nd5 10.Be4 dxe5 11.dxe5 Qc7 12.c4 Nf4 13.Qe3 Ne6 14.Bxb7 Qxb7 15.Ne4 
Nc6 16.Neg5 Ned4 17.e6 f6 18.Nf7 Nc2 19.Qe4 Nxa1 20.Bh6 Nd8 21.Qh4 Nxf7 
22.exf7+ Rxf7 23.Rxa1 Bxh6 24.Qxh6 Rd8 25.h4 Qe4 26.b3 Qc2 27.g3 Qe4 28.
Nh2 e5 29.Nf1 Qf3 30.Qe3 Qxe3 31.Nxe3 Rfd7 32.Nd5 Rxd5 33.cxd5 Rxd5 34.Kg2
Kf7 35.Kf3 Rd4 36.Ke3 Ke6 37.Rc1 Kd5 38.f3 b5 39.Rc2 a5 40.g4 h5 41.Rg2 a4
42.gxh5 gxh5 43.Rg8 axb3 44.axb3 Rxh4 45.Rd8+ Ke6 46.Rb8 Rb4 0-1

[Event "XXII Festival Conca della Presolana Magistrale"]
[Site "Bratto - Castione della Presolana ITA"]
[Date "2002.08.28"]
[Round "9"]
[White "Temi, Walter"]
[Black "Pienabarca, Nicola"]
[Result "1/2-1/2"]
[WhiteElo "2073"]
[BlackElo "2062"]
[PlyCount "31"]
[EventDate "2002.08.20"]

1.e4 e6 2.d4 d5 3.Nc3 Nf6 4.e5 Nfd7 5.f4 c5 6.Nf3 Nc6 7.Be3 cxd4 8.Nxd4 
Bc5 9.Qd2 a6 10.a3 O-O 11.Be2 Nxd4 12.Bxd4 b5 13.Bxc5 Nxc5 14.Qd4 Nd7 15.
Rd1 Qb6 16.O-O 1/2-1/2

[Event "XXII Festival Conca della Presolana Magistrale"]
[Site "Bratto - Castione della Presolana ITA"]
[Date "2002.08.28"]
[Round "9"]
[White "Trabert, Bettina"]
[Black "Ceresoli, Luigi"]
[Result "1-0"]
[WhiteElo "2320"]
[BlackElo "2204"]
[PlyCount "81"]
[EventDate "2002.08.20"]

1.e4 e5 2.Nf3 Nc6 3.d4 exd4 4.Nxd4 Bc5 5.Be3 Bb6 6.Nf5 Bxe3 7.Nxe3 d6 8.
Nc3 Nf6 9.Bc4 Be6 10.Ned5 O-O 11.O-O Re8 12.Qd2 Ne5 13.Be2 Bxd5 14.exd5 c5
15.dxc6 bxc6 16.Rad1 d5 17.Qd4 Qa5 18.h3 Rad8 19.b4 Qc7 20.Na4 Ne4 21.Bd3 
Ng5 22.f4 Nxd3 23.cxd3 Ne6 24.Qf2 f5 25.Rde1 Nf8 26.Nc5 a5 27.a3 axb4 28.
axb4 Qb6 29.Qd4 Rb8 30.Rxe8 Rxe8 31.Ra1 Rb8 32.Ra4 Nd7 33.Ra6 Qd8 34.Rxc6 
Nf6 35.Ra6 Qe7 36.Re6 Qa7 37.Ra6 Qe7 38.Re6 Qa7 39.Kh2 Qa2 40.Qe5 Qf2 41.
Qxb8+ 1-0

[Event "XXII Festival Conca della Presolana Magistrale"]
[Site "Bratto - Castione della Presolana ITA"]
[Date "2002.08.28"]
[Round "9"]
[White "Zanellato, Lorenzo"]
[Black "Aglietti, Graziano"]
[Result "1-0"]
[WhiteElo "2048"]
[BlackElo "2069"]
[PlyCount "45"]
[EventDate "2002.08.20"]

1.Nf3 d5 2.d4 Nf6 3.c4 e6 4.Nc3 Be7 5.Bg5 O-O 6.e3 Nbd7 7.Qc2 h6 8.Bh4 Re8
9.Rd1 b6 10.cxd5 exd5 11.Bb5 Bb7 12.Ne5 Rf8 13.Nc6 Bxc6 14.Bxc6 Rc8 15.O-O
Ng4 16.Bxe7 Qxe7 17.Nxd5 Qd6 18.g3 Rfe8 19.h3 Ngf6 20.Nxf6+ Nxf6 21.Rc1 
Re6 22.Qf5 Ne8 23.d5 1-0

[Event "XIV Festival A"]
[Site "Porto San Giorgio ITA"]
[Date "2002.08.20"]
[Round "1"]
[White "Aldrovandi, Costantino"]
[Black "Maupin, Jean-Paul"]
[Result "1-0"]
[WhiteElo "2414"]
[BlackElo "2051"]
[PlyCount "69"]
[EventDate "2002.08.20"]

1. c4 Nf6 2. g3 e6 3. Bg2 d5 4. Nf3 Nbd7 5. b3 Be7 6. O-O c6 7. Bb2 b6 8. d3
Bb7 9. Nbd2 c5 10. e4 h5 11. cxd5 exd5 12. e5 Ng4 13. h3 Nh6 14. d4 Nf8 15. Qe2
Ne6 16. Rfd1 Rc8 17. dxc5 bxc5 18. Nc4 Qc7 19. Nd6+ Bxd6 20. exd6 Qxd6 21. Bxg7
Rh7 22. Be5 Qe7 23. Qd3 f5 24. Nh4 c4 25. Qe2 Ng5 26. Ng6 Qf7 27. Nf4 Ne4 28.
Nxh5 Ng8 29. Nf4 Ne7 30. bxc4 Rxc4 31. Rab1 Nc6 32. Rxd5 Ra4 33. Rbd1 Ba6 34.
Qc2 Bc4 35. Qxa4 1-0

[Event "XIV Festival A"]
[Site "Porto San Giorgio ITA"]
[Date "2002.08.20"]
[Round "1"]
[White "Barsov, Alexei"]
[Black "Mosconi, Tiziano"]
[Result "1-0"]
[WhiteElo "2550"]
[BlackElo "2135"]
[PlyCount "75"]
[EventDate "2002.08.20"]

1. d4 Nf6 2. c4 g6 3. Nc3 d5 4. Nf3 Bg7 5. Bg5 Ne4 6. cxd5 Nxg5 7. Nxg5 e6 8.
Qd2 O-O 9. dxe6 Bxe6 10. Nxe6 fxe6 11. e3 c5 12. d5 exd5 13. Qxd5+ Qxd5 14.
Nxd5 Nc6 15. Rc1 Bxb2 16. Rxc5 Ba3 17. Rc3 Nb4 18. Bc4 Kh8 19. O-O Rac8 20.
Rxa3 Rxc4 21. Nxb4 Rxb4 22. Rxa7 Rc8 23. a3 Rb2 24. g4 Kg7 25. Kg2 Kf6 26. Kg3
Rc3 27. h4 h6 28. Rd1 Rc6 29. Rd7 Rcb6 30. Ra5 R2b3 31. g5+ hxg5 32. hxg5+ Ke6
33. Rg7 R6b5 34. Rxg6+ Kf7 35. Rf6+ Kg7 36. Rxb5 Rxb5 37. f4 Rb3 38. Kf3 1-0

[Event "XIV Festival A"]
[Site "Porto San Giorgio ITA"]
[Date "2002.08.20"]
[Round "1"]
[White "Bottino, Alexiei"]
[Black "Naumkin, Igor"]
[Result "0-1"]
[WhiteElo "2068"]
[BlackElo "2436"]
[PlyCount "56"]
[EventDate "2002.08.20"]

1. d4 e6 2. c4 f5 3. g3 Nf6 4. Bg2 Bb4+ 5. Nd2 O-O 6. Nh3 d6 7. O-O Bxd2 8.
Bxd2 e5 9. c5 e4 10. cxd6 cxd6 11. Rc1 d5 12. Qb3 Nc6 13. e3 h6 14. Rc5 g5 15.
Kh1 Rf7 16. Rfc1 Be6 17. Qd1 Rg7 18. b4 Nd7 19. R5c2 a6 20. a4 Nb6 21. Qh5 Qf6
22. Rxc6 bxc6 23. Rxc6 Nxa4 24. Bf1 Qg6 25. Qd1 Nb2 26. Qc2 Nd3 27. Bxd3 exd3
28. Qc5 f4 0-1

[Event "XIV Festival A"]
[Site "Porto San Giorgio ITA"]
[Date "2002.08.20"]
[Round "1"]
[White "Colovic, Aleksandar"]
[Black "Ruzzier, Dario"]
[Result "1-0"]
[WhiteElo "2370"]
[BlackElo "2012"]
[PlyCount "35"]
[EventDate "2002.08.20"]

1. e4 e5 2. Nf3 Nc6 3. Bb5 a6 4. Ba4 Nf6 5. O-O Nxe4 6. d4 b5 7. Bb3 d5 8. dxe5
Be6 9. Nbd2 Bc5 10. Qe2 Bf5 11. Nxe4 Bxe4 12. c3 O-O 13. Bf4 Qd7 14. Rad1 Rad8
15. Bg3 Na5 16. Ng5 Nxb3 17. Nxe4 Qc6 18. Bh4 1-0